000
00392nam a2200145Ia 4500
008
090124s9999 xx 000 0 und d
082
_b
402656
245
_a
देव जागा आहे
250
_a
1
260
_b
दातार ह.वि.
_c
1978
300
_a
106
630
_a
देव जागा आहे
730
_a
देव जागा आहे
942
_c
BOOK
999
_c
199116
_d
199116